| Tag |
First Indicator |
Second Indicator |
Subfields |
| LEADER |
00000cam a22000001a 4500 |
| 001 |
in00003143513 |
| 005 |
20190403171925.0 |
| 006 |
m o d |
| 007 |
cr un mmmapmmp |
| 008 |
080121s1940 dcu o f000 0 eng d |
| 035 |
|
|
|a cis2004209479
|
| 040 |
|
|
|a UMI
|c UMI
|d UtOrBLW
|
| 043 |
|
|
|a n-us---
|
| 099 |
|
|
|a ProQuest Serial Set Number 10502 H.doc.895
|
| 110 |
1 |
|
|a United States.
|b Congress.
|b House.
|b Committee on Appropriations.
|
| 245 |
1 |
0 |
|a Deficiency estimate of appropriation for Interior Department, 1941. Communication from the President of the United States transmitting deficiency estimate of appropriation for the Department of the Interior for the fiscal year 1940 amounting to $3,000.
|
| 246 |
1 |
|
|a Deficiency estimate for Interior Department for care and custody of insane of Alaska
|
| 264 |
|
1 |
|a Washington :
|b [publisher not identified],
|c 1940.
|
| 300 |
|
|
|a 1 online resource.
|
| 336 |
|
|
|a text
|b txt
|2 rdacontent
|
| 337 |
|
|
|a computer
|b c
|2 rdamedia
|
| 338 |
|
|
|a online resource
|b cr
|2 rdacarrier
|
| 490 |
0 |
|
|a H.doc.895
|
| 500 |
|
|
|a Record is based on bibliographic data in ProQuest U.S. Serial Set Digital Collection (last viewed Jan. 2008). Reuse except for individual research requires license from ProQuest, LLC.
|
| 510 |
3 |
|
|a ProQuest U.S. Serial Set Digital Collection
|
| 500 |
|
|
|a Electronic resource.
|
| 610 |
1 |
0 |
|a United States.
|b Department of the Interior.
|
| 650 |
|
0 |
|a Budget
|z United States.
|
| 651 |
|
0 |
|a Alaska.
|
| 655 |
|
7 |
|a Electronic books.
|2 local
|
| 710 |
2 |
|
|a ProQuest (Firm)
|
| 830 |
|
0 |
|a United States congressional serial set.
|
| 856 |
4 |
0 |
|u http://proxy.library.tamu.edu/login?url=http://congressional.proquest.com/congcomp/getdoc?SERIAL-SET-ID=10502+H.doc.895
|z Connect to the full text of this electronic book
|t 0
|
| 999 |
|
|
|a MARS
|
| 999 |
f |
f |
|s 6d937d18-a008-3721-8b2b-82bad3152012
|i a3c38c50-41fe-378e-83b7-9ef49f156022
|t 0
|
| 952 |
f |
f |
|a Texas A&M University
|b College Station
|c Electronic Resources
|d Available Online
|t 0
|e ProQuest Serial Set Number 10502 H.doc.895
|h Other scheme
|
| 998 |
f |
f |
|a ProQuest Serial Set Number 10502 H.doc.895
|t 0
|l Available Online
|